Obal chrání, obal prodává.

Súčasné trendy v obalovej technike. Ekologizácia obalov, riešenie likvidácie obalov. Legislatívne obmedzenie jednotlivých štátov pre export českého a slovenského tovaru.

Saved in:
Bibliographic Details
Main Author: Kubeš, J.
Format: Book Chapter
Language:Czech
Subjects:
Tags: Add Tag
No Tags, Be the first to tag this record!

MARC

LEADER 00000naa a2200000 4500
001 r013767
005 20221213083252.6
041 0 |a cze 
044 |a CZ 
245 1 0 |a Obal chrání, obal prodává.  |c J. Kubeš 
520 |a Súčasné trendy v obalovej technike. Ekologizácia obalov, riešenie likvidácie obalov. Legislatívne obmedzenie jednotlivých štátov pre export českého a slovenského tovaru. 
610 2 0 |a technika obalová 
610 2 0 |a ekológia 
610 2 0 |a legislatíva 
610 2 0 |a Čechy 
610 2 0 |a Slovensko 
100 1 |a Kubeš, J.